Estatuto de Recaudación del 29 de diciembre de 1948
Descripción Física:
312 p. : algunes pleg. ; 24 cm
Otros Autores:
Espanya. Ministerio de Hacienda
MARC
| LEADER | 00000nam a2200000Ia 4500 | ||
|---|---|---|---|
| 001 | 10547 | ||
| 008 | 160829s1949 xx 000 0 cat d | ||
| 080 | |a M-1-286 | ||
| 245 | |a Estatuto de Recaudación del 29 de diciembre de 1948 | ||
| 250 | |a Ed. oficial | ||
| 260 | |a Madrid : |b Ministerio de Hacienda, |c 1949 | ||
| 300 | |a 312 p. : |b algunes pleg. ; |c 24 cm | ||
| 650 | |a Impostos |x Recaptació |x Dret i legislació |x Espanya |9 23284 | ||
| 700 | |a Espanya. Ministerio de Hacienda |9 27549 | ||
| 901 | |a Arxiu | ||
| 942 | |n 1 | ||
| 952 | |0 0 |1 0 |4 0 |6 M1286 |7 1 |9 48118 |a Arxiu |b Arxiu |d 2016-12-01 |l 0 |o M-1-286 |p 10547 |r 2016-12-01 00:00:00 |w 2016-12-01 |y ARXIU | ||
| 999 | |c 51921 |d 51921 | ||